College Quizbowl Stats
College Quizbowl Stats
Circuits
Seasons
Sets
Records
Detailed Stats
About
Loading...
Southeast
Tossups
Bonuses
Players
Teams
Categories (Tossup)
Categories (Bonus)
Veer Vanmali
Mississippi State A
Categories
Category
Powers
Gets
Negs
BBs
Points
Earliest Buzz
Avg. Buzz
First Buzzes
Top 3 Buzzes
BPA
PVF
Mythology
0
3
0
2
30
142
147.67
0
0
0.00
0.00
Religion
0
0
0
0
0
0.00
0
0
0.00
0.00
Science - Chemistry
0
0
0
0
0
0.00
0
0
0.00
0.00
Buzzes
Category
Answer
Value
Buzz Position
Science - Chemistry
bond rotation
0
110
Science - Chemistry
nuclear magnetic resonance spectroscopy
0
120
Religion
Surya
0
141
Mythology
Poseidon
10
142
Mythology
Hel
10
150
Mythology
roc
10
151
Previous
1
Next